As you like it / (Record no. 19413)

000 -LEADER
fixed length control field 01055cam a2200277 a 4500
001 - CONTROL NUMBER
control field 1088657
005 - DATE AND TIME OF LATEST TRANSACTION
control field 20170116123129.0
008 - FIXED-LENGTH DATA ELEMENTS--GENERAL INFORMATION
fixed length control field 920810s1992 nyu b 001 0 eng
010 ## - LIBRARY OF CONGRESS CONTROL NUMBER
LC control number 92031505
020 ## - INTERNATIONAL STANDARD BOOK NUMBER
International Standard Book Number 0805787275
020 ## - INTERNATIONAL STANDARD BOOK NUMBER
International Standard Book Number 0805787283 (pbk.)
050 00 - LIBRARY OF CONGRESS CALL NUMBER
Classification number PR2803 .W37 1992
100 1# - MAIN ENTRY--PERSONAL NAME
Personal name Ward, John Powell,
Dates associated with a name 1937-
245 10 - TITLE STATEMENT
Title As you like it /
Statement of responsibility, etc. John Powell Ward.
260 ## - PUBLICATION, DISTRIBUTION, ETC. (IMPRINT)
Place of publication, distribution, etc. New York :
Name of publisher, distributor, etc. Twayne Publishers,
Date of publication, distribution, etc. c1992.
300 ## - PHYSICAL DESCRIPTION
Extent xlvi, 114 p. ;
Dimensions 22 cm.
440 #0 - SERIES STATEMENT/ADDED ENTRY--TITLE
Title Twayne's new critical introductions to Shakespeare ;
Volume/sequential designation no. 15
504 ## - BIBLIOGRAPHY, ETC. NOTE
Bibliography, etc Includes bibliographical references (p. 102-109) and index.
600 10 - SUBJECT ADDED ENTRY--PERSONAL NAME
Personal name Shakespeare, William,
Dates associated with a name 1564-1616.
Title of a work As you like it.
942 ## - ADDED ENTRY ELEMENTS (KOHA)
Source of classification or shelving scheme
Koha item type Hard Covered Materials
Classification part PR2803 .W37 1992
Holdings
Withdrawn status Lost status Source of classification or shelving scheme Damaged status Not for loan Home library Current library Shelving location Date acquired Source of acquisition Total Checkouts Full call number Barcode Date last seen Price effective from Koha item type
          MACHAKOS UNIVERSITY LIBRARY MACHAKOS UNIVERSITY LIBRARY Technical section 16/01/2017 Donation(BFA)   PR2803 .W37 1992 29546 07/06/2018 16/01/2017 Hard Covered Materials
© Machakos University Library, Along The Highway, Machakos Wote Rd, Machakos, Kenya P.O. Box 136 - 90100 Machakos - Kenya

Tel: ( +254 ) 723 805829 OR Fax : 044-20353 OR Email: library@mksu.ac.ke